Word Ladder: Long Song Quiz Stats

Quiz Updated Aug 2, 2015

Challenge
Share
Tweet
Embed
Score 0/34 Timer 04:00
1 Play Today
Clue Word % Correct
♪ Us and ____ ♪ (Pink Floyd)♪ THEM ♪
95.6%
♪ Bat out of ____ ♪ (Meat Loaf)♪ HELL ♪
95.1%
Pond croakerTOAD
93.5%
Manchester United or Boston Red SoxTEAM
93.2%
Starbucks sizeTALL
92.1%
Shall I compare ____ to a summer's day?THEE
91.3%
Chop down or trippedFELL
91.3%
Sail supportMAST
91.1%
Fee or levyTOLL
90.1%
Cash drawerTILL
90%
RevealedTOLD
89.8%
♪ Watching Me ____ ♪ (The Cure)♪ FALL ♪
89.7%
KnollHILL
88.6%
Be plentifulTEEM
88.5%
Roof or bathroom pieceTILE
88.2%
Bellow or a Katy Perry songROAR
88%
♪ Telegraph ____ ♪ (Dire Straits)♪ ROAD ♪
87.9%
Clue Word % Correct
PosteriorREAR
87.8%
Bowling alleyLANE
86.5%
♪ Frankie ____drop ♪ (Suicide)♪ TEAR ♪
84.5%
____ Saigon, 1989 musicalMISS
82.2%
♪ Achilles ____ Stand ♪ (Led Zeppelin)♪ LAST ♪
81%
♪ ____ Production ♪ (Iggy Pop)♪ MASS ♪
80.9%
Emit a beam of lightLASE
76.4%
♪ Foreplay/Long ____ ♪ (Boston)♪ TIME ♪
76.1%
Type of surgeonTREE
75.3%
Connect or fastenBIND
65.9%
♪ ____ [Last Rung] ♪ (Lynyrd Skynyrd)♪ FREE ♪
65.6%
Boston or Chicago, e.g.BAND
63.4%
♪ ____ of the Ancient Mariner ♪ (Iron Maiden)♪ RIME ♪
63.3%
♪ Jungle____ ♪ (Bruce Sprinsteen)♪ LAND ♪
63.2%
♪ [First Rung] ____ ♪ (Lynyrd Skynyrd)♪ BIRD ♪
59.7%
♪ Heart of the Sun____ ♪ (Yes)♪ RISE ♪
49%
Legal writMISE
47.6%

Today's Daily Dose

You're not logged in!

Compare scores with friends on all Sporcle quizzes.
Join for Free
OR
Log In

You Might Also Like...

Show Comments

Extras

Top Quizzes Today


Score Distribution

Your Account Isn't Verified!

In order to create a playlist on Sporcle, you need to verify the email address you used during registration. Go to your Sporcle Settings to finish the process.

Report this User

Report this user for behavior that violates our Community Guidelines.

Details: